Catálogo público

Marketing of Agricultural Products / (Record no. 171546)

MARC details
000 -CABECERA
campo de control de longitud fija 00659nam a2200229Ia 4500
001 - NÚMERO DE CONTROL
campo de control dia_997
003 - IDENTIFICADOR DEL NÚMERO DE CONTROL
campo de control CHAP
005 - FECHA Y HORA DE LA ÚLTIMA TRANSACCIÓN
campo de control 20230118134645.0
008 - DATOS DE LONGITUD FIJA--INFORMACIÓN GENERAL
campo de control de longitud fija 220117s1972 xx 000 0 und d
010 ## - NÚMERO DE CONTROL DE LA BIBLIOTECA DEL CONGRESO
Número de control de LC 171546
040 ## - FUENTE DE LA CATALOGACIÓN
Centro/agencia transcriptor CHAP
082 ## - NÚMERO DE LA CLASIFICACIÓN DECIMAL DEWEY
Número de clasificación 338.14 K6
100 ## - ENTRADA PRINCIPAL--NOMBRE DE PERSONA
Nombre de persona Kolhls, Richard L.
9 (RLIN) 149753
245 ## - MENCIÓN DE TÍTULO
Título Marketing of Agricultural Products /
Mención de responsabilidad, etc. by Richard L. Kolhls and Joseph N.
260 ## - PUBLICACIÓN, DISTRIBUCIÓN, ETC.
Lugar de publicación, distribución, etc. New york, Collier Macmillan International
Fecha de publicación, distribución, etc. 1972
300 ## - DESCRIPCIÓN FÍSICA
Extensión 612 p
600 ## - PUNTO DE ACCESO ADICIONAL DE MATERIA--NOMBRE DE PERSONA
Nombre de persona 1.Productos Agrícolas
9 (RLIN) 149754
901 ## - ELEMENTOS DE DATOS A LOCAL LDA (RLIN)
a 338.14 K6
902 ## - ELEMENTOS DE DATOS B LOCAL, LDB (RLIN)
a M
905 ## - ELEMENTOS DE DATOS E LOCAL, LDE (RLIN)
a 0000001972 NEWA 0000000000ENG00
942 ## - ELEMENTOS DE PUNTO DE ACCESO ADICIONAL (KOHA)
Tipo de ítem Koha Libro
Fuente del sistema de clasificación o colocación Dewey Decimal Classification
Holdings
Estado de retiro Estado de pérdida Fuente del sistema de clasificación o colocación Estado dañado No para préstamo Código de colección Localización permanente Ubicación/localización actual Fecha de adquisición Información codificada de la localización en otra ubicación Total de préstamos Signatura topográfica completa Código de barras Fecha visto por última vez Número de copia Precio válido a partir de Tipo de ítem Koha
    Dewey Decimal Classification     General Ingenieria Agroindustrial Ingenieria Agroindustrial 18/01/2022 1   338.14 K6 dia_1683 18/01/2022 1 18/01/2022 Libro